000 00498pab a2200181 454500
008 180718b2015 xxu||||| |||| 00| 0 eng d
100 _aFigueiredo, Hugo et al
245 _aGender pay gaps and the restructuring of graduate labour markets in Southern Europe
260 _c2015
300 _ap.565-598.
362 _aMar
650 _aLabour market
650 _aWomen
650 _aCollective bargaining
650 _aWages
773 _aCambridge Journal of Economics
909 _a108483
999 _c108478
_d108478